Statistics for Top 100 Largest Mammals

Click here to take the quiz!

General Stats

  • This quiz has been taken 1,094 times
  • The average score is 28 of 100

Answer Stats

RankSizeAnswer% Correct
1100,000kgBlue Whale
95%
186,000kgAfrican Bush Elephant
78%
273,000kgAfrican Forest Elephant
77%
159,000kgOrca
77%
234,000kgAsian Elephant
74%
401,500kgHippopotamus
74%
741,000kgSperm Whale
74%
501,200kgGiraffe
73%
77450kgPolar Bear
66%
930,000kgHumpback Whale
65%
322,300kgWhite Rhinoceros
57%
64750kgAmerican Bison
54%
461,400kgBeluga Whale
54%
67610kgEuropean Bison
53%
471,400kgBlack Rhinoceros
52%
68600kgCattle
51%
78450kgHorse
51%
72540kgMoose
50%
451,500kgWalrus
45%
491,250kgNarwhal
43%
84380kgGrevy's Zebra
41%
835,000kgGrey Whale
41%
99290kgMountain Zebra
41%
365,000kgNorth Atlantic Right Whale
40%
270,000kgNorth Pacific Right Whale
40%
555,000kgSouthern Right Whale
40%
282,700kgSouthern Elephant Seal
37%
342,200kgNorthern Elephant Seal
36%
90320kgElk
34%
86350kgCommon Bottlenose Dolphin
33%
98290kgIndo-Pacific Bottlenose Dolphin
33%
69600kgWest Indian Manatee
33%
70550kgWater Buffalo
32%
85360kgWest African Manatee
32%
87325kgCalifornia Sea Lion
31%
71545kgSteller's Sea Lion
31%
650,000kgFin Whale
30%
95300kgAustralian Sea Lion
29%
88325kgNew Zealand Sea Lion
29%
89325kgSouth American Sea Lion
29%
59800kgAfrican Buffalo
28%
76470kgDomestic Yak
28%
58900kgWild Yak
28%
205,000kgCommon Minke Whale
26%
168,000kgAntarctic Minke Whale
25%
460,000kgBowhead Whale
25%
362,100kgIndian Rhinoceros
24%
481,300kgJavan Rhinoceros
22%
81400kgLeopard Seal
22%
79420kgDugong
21%
73500kgDromedary Camel
20%
571,000kgGaur
19%
92320kgMalayan Tapir
19%
100285kgMuskox
19%
1218,000kgSei Whale
19%
60800kgSumatran Rhinoceros
19%
75480kgBactrian Camel
18%
97300kgBaird's Tapir
18%
94300kgOkapi
18%
80400kgWild Bactrian Camel
18%
372,000kgLong-finned Pilot Whale
17%
381,900kgShort-finned Pilot Whale
17%
352,100kgTrue's Beaked Whale
15%
61800kgGiant Eland
14%
1311,000kgBaird's Beaked Whale
13%
65700kgCommon Eland
13%
302,500kgCuvier's Beaked Whale
13%
391,800kgFalse Killer Whale
13%
253,400kgSowerby's Beaked Whale
13%
551,100kgSpade-toothed Whale
13%
292,600kgAndrew's Beaked Whale
12%
178,000kgArnoux's Beaked Whale
12%
511,100kgBlainville's Beaked Whale
12%
421,500kgDeraniyagala's Beaked Whale
12%
195,600kgGervais' Beaked Whale
12%
411,500kgGinkgo-toothed Beaked Whale
12%
521,100kgGray's Beaked Whale
12%
561,000kgHector's Beaked Whale
12%
431,500kgHubb's Beaked Whale
12%
531,100kgPerrin's Beaked Whale
12%
541,100kgPygmy Beaked Whale
12%
312,500kgShepherd's Beaked Whale
12%
224,800kgStejneger's Beaked Whale
12%
441,500kgStrap-toothed Whale
12%
1120,000kgEden's Whale
10%
1025,000kgBryde's Whale
9%
1410,000kgOmura's Whale
8%
82400kgPygmy Sperm Whale
7%
66640kgBanteng
6%
214,900kgNorthern Bottlenose Whale
6%
263,000kgSouthern Bottlenose Whale
6%
332,200kgTropical Bottlenose Whale
6%
243,500kgPygmy Right Whale
5%
62800kgGayal
4%
63790kgKouprey
4%
93310kgNilgai
4%
83400kgRisso's Dolphin
4%
96300kgHooded Seal
3%
91320kgMediterranean Monk Seal
3%
74500kgWeddell Seal
3%

Score Distribution

Percentile by Number Answered

Percent of People with Each Score

Your Score History

You have not taken this quiz